000
00469nam a2200169Ia 4500
008
100917s9999 xx 000 0 und d
082
_b
17022
100
_a
फाटक गणेश कृष्णशास्त्री
245
_a
मोटारशाळा
260
_b
---
_c
1934
365
_b
1
520
_a
नाटक
630
_a
मोटारशाळा
650
_a
नाटक
730
_a
मोटारशाळा
942
_c
BOOK
999
_c
622416
_d
622413